Countries Closest to Seychelles - 15 Second Sprint - Statistics

General Stats
  • This quiz has been taken 26 times
  • The average score is 6 of 20
Answer Stats
km country miles % Correct
1209 Somalia 751
73%
1790 Yemen 1112
55%
2279 Oman 1416
50%
341 Comoros 212
41%
2349 India 1459
41%
932 Kenya 579
41%
288 Madagascar 179
36%
354 Mauritius 220
36%
1178 Tanzania 732
36%
1484 Ethiopia 922
32%
1969 Maldives 1223
32%
2125 Djibouti 1321
23%
2261 Eritrea 1405
23%
351 France (at Mayotte) 218
9%
1741 Malawi 1082
9%
1159 Mozambique 720
9%
2226 Uganda 1383
9%
2273 Dem Rep of Congo 1412
5%
1915 Zambia 1190
5%
2099 Zimbabwe 1304
5%
No matching quizzes found
Score Distribution
Percent of People with Each Score
Percentile by Number Answered
Your Score History
You have not taken this quiz